• 首页
  • 本馆介绍
  • 公告通知
  • 最新文献
  • 馆藏检索
  • 电子资源
  • 读者导购
  • 参考咨询
  • 我的图书馆
  • 登录
  • 详细信息显示
  • 放入我的书架
  • 预约/预借图书
  • 作者相关作品
  • 分类相关作品
  • 丛书相关作品
  • 出版社相关作品

书目信息

  • 表格格式
  • 工作单格式
  • 卡片格式
题名:
婚姻法律纠纷处理一本通
    
 
作者: ;中国法制出版社 编
分册:  
出版信息: 北京   中国法制出版社  2013
页数: 333页
开本: 21cm
丛书名:
单 册:
中图分类: D923.904
科图分类:
主题词: 婚姻家庭纠纷--处理--基本知识--中国 , 婚姻家庭纠纷
电子资源:
ISBN: 978-7-5093-4786-7
000 01130nam0 2200253 450
001 519
005 20140908085512.35
010    @a978-7-5093-4786-7@dCNY28.00
100    @a20131205d2013 em y0chiy50 ea
101 0  @achi
102    @aCN@b110000
105    @ay zn 000yy
106    @ar
200 1  @a婚姻法律纠纷处理一本通@AHun Yin Fa Lu^ Jiu Fen Chu Li Yi Ben Tong@e最新升级版@EZui Xin Sheng Ji Ban@f中国法制出版社编@FZhong Guo Fa Zhi Chu Ban She Bian
210    @a北京@c中国法制出版社@d2013
215    @a333页@d21cm
300    @a法律纠纷处理一本通8
330    @a本书分为婚姻纠纷处理法律依据、婚姻典型案例、婚姻诉状文书实例三部分。全书供以下法律服务:法律依据的理解与适用:选取解决法律纠纷所必备的国家法律规定,并以注释方式对重难条文进行了解读。适用答疑:根据法律纠纷所涉及的类型细分部分,并提炼每部分常见的疑难问题进行法律解答。典型案例:精心选取经过法院审判的法律纠纷典型案例。
606 0  @a婚姻家庭纠纷@x处理@x基本知识@y中国
606 0  @a婚姻家庭纠纷
690    @aD923.904@v5
711 02 @a中国法制出版社@AZhong Guo Fa Zhi Chu Ban She@4编
801  0 @aCN@bTANGWEI@c20140603
905    @b0838978-80@dD923.904@e1217@f3
    
    婚姻法律纠纷处理一本通:最新升级版/中国法制出版社编.-北京:中国法制出版社,2013
    333页;21cm
    法律纠纷处理一本通8
    
    ISBN 978-7-5093-4786-7:CNY28.00
    本书分为婚姻纠纷处理法律依据、婚姻典型案例、婚姻诉状文书实例三部分。全书供以下法律服务:法律依据的理解与适用:选取解决法律纠纷所必备的国家法律规定,并以注释方式对重难条文进行了解读。适用答疑:根据法律纠纷所涉及的类型细分部分,并提炼每部分常见的疑难问题进行法律解答。典型案例:精心选取经过法院审判的法律纠纷典型案例。
●
相关链接 在E读中查询图书 在五车中查询图书 在当当中查询图书 在豆瓣中查询图书


正题名:婚姻法律纠纷处理一本通     索取号:D923.904/1217         预约/预借

序号 登录号 条形码 馆藏地/架位号 状态 备注
1 0838978   208389787   第一样本阅览室/ [索取号:D923.904/1217] 在馆    
2 0838979   208389796   第一借阅区/ [索取号:D923.904/1217] 在馆    
3 0838980   208389803   密集书库-史法系/ [索取号:D923.904/1217] 在馆    
唐山师范学院图书馆 欢迎您!
大连网信软件有限公司© 版权所有